Ăn nhiều hoa quả có nguy hiểm không? : nhưng tôi vẫn còn thích hoa quả, ăn đường có nguy hại không?
Tập sách này là tập hợp một loạt bài viết của tiên sinh Ohsawa và các bậc thầy về dinh dưỡng nói về tác hại của hoa quả, đường, thịt động vật 4 chân... để các bạn có cái nhìn đúng đắn về việc ăn hoa quả có lợi hay có hại? Ăn bao nhiê...
Đã lưu trong:
| 主要作者: | |
|---|---|
| 其他作者: | , , , |
| 格式: | 图书 |
| 语言: | Vietnamese |
| 出版: |
H.
Văn hóa thông tin
2014
|
| 主题: | |
| 标签: |
添加标签
没有标签, 成为第一个标记此记录!
|
| Thư viện lưu trữ: | Thư viện Trường Đại học Nam Cần Thơ |
|---|
| LEADER | 02058nam a22002777a 4500 | ||
|---|---|---|---|
| 001 | NCT_32701 | ||
| 008 | 180423b xxu||||| |||| 00| 0 vie d | ||
| 999 | |c 1572 |d 1572 | ||
| 020 | |c 25000 | ||
| 082 | 0 | 4 | |2 23rd ed. |a 613.2 |b O271 |
| 100 | 1 | |a Ohsawa, George | |
| 245 | 1 | |a Ăn nhiều hoa quả có nguy hiểm không? |b : nhưng tôi vẫn còn thích hoa quả, ăn đường có nguy hại không? |c George Ohsawa, Neven Henaf, Jacques De Langer | |
| 260 | |a H. |b Văn hóa thông tin |c 2014 | ||
| 300 | |a 123 tr. |b Bảng |c 19cm | ||
| 520 | 3 | |a Tập sách này là tập hợp một loạt bài viết của tiên sinh Ohsawa và các bậc thầy về dinh dưỡng nói về tác hại của hoa quả, đường, thịt động vật 4 chân... để các bạn có cái nhìn đúng đắn về việc ăn hoa quả có lợi hay có hại? Ăn bao nhiêu? Ăn như thế nào? Những lập luận rất biện chứng, logic và đầy tính thuyết phục trong cuốn sách Ăn Nhiều Hoa Quả Có Nguy Hiểm Không? của các tác giả sẽ giúp chúng ta nhìn vấn đề toàn diện hơn và có cách lựa chọn hợp lý nhất cho chính mình. | |
| 653 | |a Dược học | ||
| 653 | |a Y đa khoa | ||
| 700 | 1 | |a Neven Henaf | |
| 700 | 1 | |a Jacques De Langer | |
| 700 | 1 | |a Nguyễn Thị Thu Vinh | |
| 700 | 1 | |a Chu Diễn |e Người dịch | |
| 942 | |2 ddc |c BK | ||
| 952 | |0 0 |1 0 |2 ddc |4 0 |6 613_200000000000000_O271 |7 0 |9 7583 |a 000001 |b 000001 |d 2018-04-23 |o 613.2 O271 |p MD.11601 |r 2018-04-23 |v 25000.00 |w 2018-04-23 |y BK | ||
| 952 | |0 0 |1 0 |2 ddc |4 0 |6 613_200000000000000_O271 |7 0 |9 7584 |a 000001 |b 000001 |d 2018-04-23 |o 613.2 O271 |p MD.11602 |r 2018-04-23 |v 25000.00 |w 2018-04-23 |y BK | ||
| 952 | |0 0 |1 0 |2 ddc |4 0 |6 613_200000000000000_O271 |7 0 |9 7585 |a 000001 |b 000001 |d 2018-04-23 |l 1 |o 613.2 O271 |p MD.10919 |r 2019-05-20 |s 2019-05-15 |v 25000.00 |w 2018-04-23 |y BK | ||
| 980 | |a Thư viện Trường Đại học Nam Cần Thơ | ||